LEADER 01121nam0 2200313 450 001 000036976 005 20250319115323.0 010 $a88-348-1115-1 100 $a20250130d20002000km-y0itay50------ba 101 0 $aita 102 $aIT 105 $ay-------001yy 200 1 $a<>revisione aziendale$efondamenti, principi e procedure$fGiuseppe Paolone, Luciano D'Amico, Augusta Consorti 210 $aTorino$cGiappichelli$d2000 215 $aXI, 378 p.$d24 cm 225 2 $aCollana di studi e ricerche sul sistema-azienda. Serie generale$v13 410 0$12001$aCollana di studi e ricerche sul sistema-azienda. Serie generale$v13 500 10$a<>revisione aziendale$9424971 610 1 $aBilancio$aRevisione 676 $a657.45$v20$9REVISIONE CONTABILE 702 1$aPaolone,$bGiuseppe 702 1$aD'Amico,$bLuciano 702 1$aConsorti,$bAugusta 801 0$aIT$bUNIPARTHENOPE$c20250130$gREICAT$2UNIMARC 912 $a000036976 951 $aDISAE 512/14$b7721 ex St.Az.$cNAVA2$d2025 951 $aDISAE 512/348$b6853 ex St.Az.$cNAVA2 996 $aRevisione aziendale$9424971 997 $aUNIPARTHENOPE